书目信息 |
| 题名: |
精选科技英语写作典型错误分类解析
|
|
| 作者: | 秦荻辉 编著 | |
| 分册: | ||
| 出版信息: | 西安 西安电子科技大学出版社 2021.03 |
|
| 页数: | 201页 | |
| 开本: | 24cm | |
| 丛书名: | 西电科技专著系列丛书 | |
| 单 册: | ||
| 中图分类: | N43 | |
| 科图分类: | ||
| 主题词: | 科学技术--ke xue ji shu--英语--写作--高等学校--教学参考资料 | |
| 电子资源: | ||
| ISBN: | 978-7-5606-5987-9 | |
| 000 | 01346nam 2200313 450 | |
| 001 | 2260349911 | |
| 005 | 20220915164624.80 | |
| 010 | @a978-7-5606-5987-9@dCNY29.00 | |
| 092 | @aCN@bRt975-2963 | |
| 100 | @a20210430d2021 em y0chiy50 ea | |
| 101 | 0 | @achi |
| 102 | @aCN@b610000 | |
| 105 | @aa a 000yy | |
| 200 | 1 | @a精选科技英语写作典型错误分类解析@Ajing xuan ke ji ying yu xie zuo dian xing cuo wu fen lei jie xi@d= A classified analysis of select typical mistakes in scientific writing@f秦荻辉编著@zeng |
| 210 | @a西安@c西安电子科技大学出版社@d2021.03 | |
| 215 | @a201页@c图@d24cm | |
| 225 | 2 | @a西电科技专著系列丛书@Axi dian ke ji zhuan zhu xi lie cong shu |
| 314 | @a秦荻辉, 在职期间为西安电子科技大学“科技英语学科带头人”。 | |
| 320 | @a有书目 (第201页) | |
| 330 | @a本书作者收集了出现在真实论文中的大量典型错误实例, 并对其进行了分类和详细分析, 期望能帮助读者在撰写英文论文时少犯 (或不犯) 类似的错误, 从而提高论文的英语表述质量。 | |
| 410 | 0 | @12001 @a西电科技专著系列丛书 |
| 510 | 1 | @aClassified analysis of select typical mistakes in scientific writing@zeng |
| 606 | 0 | @a科学技术@Ake xue ji shu@x英语@x写作@x高等学校@j教学参考资料 |
| 690 | @aN43@v5 | |
| 701 | 0 | @a秦荻辉@Aqin di hui@4编著 |
| 801 | 0 | @aCN@b人天书店@c20210430 |
| 901 | @a陕西西安电子科技大学出版社 | |
| 905 | @aZUCC@dN43@e1 | |
| 997 | @a期货 | |
| 精选科技英语写作典型错误分类解析= A classified analysis of select typical mistakes in scientific writing/秦荻辉编著.-西安:西安电子科技大学出版社,2021.03 |
| 201页:图;24cm.-(西电科技专著系列丛书) |
| ISBN 978-7-5606-5987-9:CNY29.00 |
| 本书作者收集了出现在真实论文中的大量典型错误实例, 并对其进行了分类和详细分析, 期望能帮助读者在撰写英文论文时少犯 (或不犯) 类似的错误, 从而提高论文的英语表述质量。 |
| ● |
| 相关链接 |
|
|
|
正题名:精选科技英语写作典型错误分类解析
索取号:N43/1
 
预约/预借
| 序号 | 登录号 | 条形码 | 馆藏地/架位号 | 状态 | 备注 |
| 1 | 2000892298 | 2000892298 | 第三书库/ [索取号:N43/1] | 在馆 | |
| 2 | 2000892299 | 2000892299 | 第三书库/ [索取号:N43/1] | 在馆 | |
| 3 | 2000892300 | 2000892300 | 第三书库/ [索取号:N43/1] | 在馆 |